Central Library OPAC University of Rajshahi

An introduction to psychological statistics / (Record no. 29664)

MARC details
000 -LEADER
fixed length control field 00764cam a22002531 4500
001 - CONTROL NUMBER
control field 29664
003 - CONTROL NUMBER IDENTIFIER
rucl marc code BD-RjUL
005 - DATE AND TIME OF LATEST TRANSACTION
control field 20211209051436.0
008 - FIXED-LENGTH DATA ELEMENTS--GENERAL INFORMATION
fixed length control field 140406s1965 nyua b 001 0 eng d
035 ## - SYSTEM CONTROL NUMBER
System control number (BD-RjUL)29749
System control number (OCoLC)190691
040 ## - CATALOGING SOURCE
Original cataloging agency DLC
Transcribing agency ODaWU
Modifying agency OCoLC
-- Uk
-- DLC
-- BD-RjUL
Language of cataloging eng
041 ## - LANGUAGE CODE
Language code of text/sound track or separate title eng
082 00 - DEWEY DECIMAL CLASSIFICATION NUMBER
Classification number 152.8
Author mark and year DUI 1965
100 1# - MAIN ENTRY--PERSONAL NAME
Personal name Du Bois, Philippe Goibaud,
Dates associated with a name 1626-1694.
9 (RLIN) 90354
245 13 - TITLE STATEMENT
Title An introduction to psychological statistics /
Statement of responsibility, etc. by Philip H. Du Bois.
260 ## - PUBLICATION, DISTRIBUTION, ETC. (IMPRINT)
Place of publication, distribution, etc. New York :
Name of publisher, distributor, etc. Harper & Row,
Date of publication, distribution, etc. 1965.
300 ## - PHYSICAL DESCRIPTION
Pagination xi, 530 p. :
Illustrations illus. ;
Size 25 cm.
504 ## - BIBLIOGRAPHY, ETC. NOTE
Bibliography, etc Includes bibliographies. and Index
650 #0 - SUBJECT ADDED ENTRY--TOPICAL TERM
Topical term or geographic name as entry element Psychometrics.
9 (RLIN) 5211
942 ## - ADDED ENTRY ELEMENTS (KOHA)
Source of classification or shelving scheme Dewey Decimal Classification
Koha item type Books
Holdings
Lost status Source of classification or shelving scheme Damaged status Not for loan Collection code Permanent Location Current Location Shelving location Date acquired Source of acquisition Total Checkouts Full call number Date last seen Copy number Koha item type
  Dewey Decimal Classification   Added to bundle Non-fiction Central Library, University of Rajshahi Central Library, University of Rajshahi Reading Room 31/01/1969 Asia foundation   152.8 DUI 1965 06/04/2014 C-1 Books